Ultrasonic absorption and dielectric losses of polychloroprene rubber filled vulcanizate (Record no. 71715)

MARC details
000 -LEADER
fixed length control field 00435nam a2200145Ia 4500
100 ## - MAIN ENTRY--AUTHOR NAME
Personal name Lawandy S N
245 #0 - TITLE STATEMENT
Title Ultrasonic absorption and dielectric losses of polychloroprene rubber filled vulcanizate
260 ## - PUBLICATION, DISTRIBUTION, ETC. (IMPRINT)
Name of publisher Journal of Elastomers and Plastics
Year of publication 1992
300 ## - PHYSICAL DESCRIPTION
Number of Pages 129-150
650 ## - SUBJECT ADDED ENTRY--TOPICAL TERM
Topical Term Rubber filled vulcanizate
700 ## - ADDED ENTRY--PERSONAL NAME
Personal name Aziz A W
700 ## - ADDED ENTRY--PERSONAL NAME
Personal name Tadros N N
942 ## - ADDED ENTRY ELEMENTS (KOHA)
Koha item type Journals
Holdings
Withdrawn status Lost status Damaged status Not for loan Home library Current library Date acquired Serial Enumeration / chronology Koha item type
      Journals RRII Library RRII Library 17/12/2021 Volume 6, Issue 2 Journals